000
00276nam a22001217a 4500
008
260225b ||||| |||| 00| 0 eng d
041
_a
eng
080
_a
2.1
100
_a
20.1
101
_a
ngjarje
245
_a
Jean -Claude Faveyrial Historie de Albania
942
_2
udc
_c
BK
999
_c
60853
_d
60853